Central Library OPAC University of Rajshahi

Textbook of biochemistry / (Record no. 70583)

MARC details
000 -LEADER
fixed length control field 00718nam a2200241 a 4500
001 - CONTROL NUMBER
control field 70583
003 - CONTROL NUMBER IDENTIFIER
rucl marc code BD-RjUL
005 - DATE AND TIME OF LATEST TRANSACTION
control field 20211209082022.0
008 - FIXED-LENGTH DATA ELEMENTS--GENERAL INFORMATION
fixed length control field 170418s19771966nyua b 001 0 eng
035 ## - SYSTEM CONTROL NUMBER
System control number (BD-RjUL)70797
040 ## - CATALOGING SOURCE
Original cataloging agency DLC
Transcribing agency DLC
Modifying agency BD-RjUL
Language of cataloging eng
041 ## - LANGUAGE CODE
Language code of text/sound track or separate title eng
082 ## - DEWEY DECIMAL CLASSIFICATION NUMBER
Classification number 573.44
Edition number 23
Author mark and year TEX 1966
245 00 - TITLE STATEMENT
Title Textbook of biochemistry /
Statement of responsibility, etc. Edward Staunton West ... [et al.]
250 ## - EDITION STATEMENT
Edition statement 4th edition , Indian edition
260 ## - PUBLICATION, DISTRIBUTION, ETC. (IMPRINT)
Place of publication, distribution, etc. New York :
Name of publisher, distributor, etc. Macmillan,
Date of publication, distribution, etc. c1966. [1974]
300 ## - PHYSICAL DESCRIPTION
Pagination xiv, 1595 p. :
Illustrations ill. ;
Size 25 cm.
504 ## - BIBLIOGRAPHY, ETC. NOTE
Bibliography, etc Includes index and bibliographies
650 #0 - SUBJECT ADDED ENTRY--TOPICAL TERM
Topical term or geographic name as entry element Biochemistry.
9 (RLIN) 208920
700 ## - ADDED ENTRY--PERSONAL NAME
Personal name West, Edward Staunton,
942 ## - ADDED ENTRY ELEMENTS (KOHA)
Source of classification or shelving scheme Dewey Decimal Classification
Koha item type Books
Holdings
Lost status Source of classification or shelving scheme Damaged status Not for loan Collection code Permanent Location Current Location Shelving location Date acquired Source of acquisition Cost, normal purchase price Total Checkouts Full call number Date last seen Copy number Koha item type
  Dewey Decimal Classification   Not For Loan Non-fiction Central Library, University of Rajshahi Central Library, University of Rajshahi Reading Room 18/08/1973 Warsi Book Centre 90.00   573.44 TEX 1966 18/04/2017 C-1 Books
  Dewey Decimal Classification     Non-fiction Central Library, University of Rajshahi Central Library, University of Rajshahi   29/01/1996 Mollick brathers Dhaka 300.00   573.44 TEX 1974 23/10/2018 C-2 Books
  Dewey Decimal Classification     Non-fiction Central Library, University of Rajshahi Central Library, University of Rajshahi   18/08/1973 Warsi Book Centre 90.00   573.44 TEX 1966 23/10/2018 C-3 Books
  Dewey Decimal Classification     Non-fiction Central Library, University of Rajshahi Central Library, University of Rajshahi   22/01/1977 U.S. Govt.     573.44 TEX 1966 23/10/2018 C-4 Books
  Dewey Decimal Classification     Non-fiction Central Library, University of Rajshahi Central Library, University of Rajshahi   29/01/1996 Mollick brathers Dhaka 300.00   573.44 TEX 1966 10/12/2018 C-5 Books
  Dewey Decimal Classification     Non-fiction Central Library, University of Rajshahi Central Library, University of Rajshahi   29/01/1996 Mollick brathers Dhaka 300.00   573.44 TEX 1966 13/12/2018 C-6 Books
  Dewey Decimal Classification     Non-fiction Central Library, University of Rajshahi Central Library, University of Rajshahi   22/01/1974 U.S. Govt.     573.44 TEX 1966 08/01/2019 C-7 Books
  Dewey Decimal Classification     Non-fiction Central Library, University of Rajshahi Central Library, University of Rajshahi   29/01/1996 Mullick Brather Dacca 300.00   573.44 TEX 1974 20/01/2019 C-8 Books
  Dewey Decimal Classification     Non-fiction Central Library, University of Rajshahi Central Library, University of Rajshahi   28/01/1996 Mullick Brather Dacca 300.00   573.44 TEX 1966 03/02/2019 C-9 Books
  Dewey Decimal Classification     Non-fiction Central Library, University of Rajshahi Central Library, University of Rajshahi   28/01/1996 Dacca, Mullick Brother 300.00   573.44 TEX 1966 06/02/2019 C-10 Books